[Event "Challenge"]
[Site "http://www.queenalice.com/game.php?id=733617"]
[Date "2010.2.18"]
[Round "-"]
[White "Lamech"]
[Black "Panzer85"]
[Result "0-1"]
[WhiteElo "1329"]
[BlackElo "1723"]

1. Nf3 d6 2. b3 e5 3. Bb2 Nc6 4. d4 e4 5. Nfd2 d5 6. f3 e3 7. c4 exd2+ 8. Qxd2
Nf6 9. cxd5 Nxd5 10. Nc3 Be7 11. Nxd5 Qxd5 12. e4 Qd7 13. d5 Ne5 14. Bxe5 f6 15.
Bc3 Bd6 16. a4 Qe7 17. Bb5+ Bd7 18. Bxd7+ Qxd7 19. O-O O-O-O 20. Rfe1 Rde8 21.
f4 b5 22. e5 Bc5+ 23. Bd4 Qxd5 24. exf6 Bxd4+ 0-1

[Event "Challenge"]
[Site "http://www.queenalice.com/game.php?id=739055"]
[Date "2010.2.28"]
[Round "-"]
[White "Lamech"]
[Black "babycrocket"]
[Result "0-1"]
[WhiteElo "1327"]
[BlackElo "1743"]

1. Nf3 d5 2. b3 c5 3. Bb2 Nf6 4. c4 d4 5. d3 Nc6 6. g3 e5 7. e4 dxe3 8. fxe3 Bd6
9. d4 Bg4 10. Be2 cxd4 11. exd4 exd4 12. Bxd4 O-O 13. Nc3 Re8 14. O-O Nxd4 15.
Qxd4 Rc8 16. Bd3 Bc5 0-1

[Event "Challenge"]
[Site "http://www.queenalice.com/game.php?id=739238"]
[Date "2010.3.1"]
[Round "-"]
[White "Panzer85"]
[Black "Lamech"]
[Result "1-0"]
[WhiteElo "1694"]
[BlackElo "1325"]

1. e4 c5 2. Bc4 Nc6 3. Nf3 d6 4. Nc3 g6 5. d3 Bg7 6. O-O Nf6 7. h3 O-O 8. a3 a6
9. Re1 b5 10. Bd5 Nxd5 11. Nxd5 e6 12. Nc3 b4 13. Na4 bxa3 14. Rxa3 Rb8 15. c3
e5 16. Be3 a5 17. Rb3 Ba6 18. Rxb8 Qxb8 19. d4 Bb5 20. b3 Qb6 21. Nxb6 1-0

[Event "Let's Play Chess!"]
[Site "http://www.queenalice.com/game.php?id=748523"]
[Date "2010.3.20"]
[Round "-"]
[White "magalhaes_br"]
[Black "Lamech"]
[Result "0-1"]
[WhiteElo "1307"]
[BlackElo "1368"]

1. e4 c5 2. c3 d6 3. Bc4 Nc6 4. d3 Nf6 5. Nd2 g6 6. Ngf3 Bg7 7. Ng5 e6 8. Ndf3
d5 9. Bb3 dxe4 10. Nxe4 Nxe4 11. dxe4 Qxd1+ 12. Bxd1 b6 13. O-O O-O 14. a4 Ba6
15. Re1 Rad8 16. Ng5 Ne5 17. Be3 Ng4 18. b4 cxb4 19. cxb4 Bxa1 20. b5 Nxe3 21.
fxe3 Bb7 22. Bc2 Bf6 23. Nf3 Bc3 24. Rc1 a6 25. h3 f5 26. Nh4 Bd2 27. Rf1 Bxe3+
28. Kh2 Bxe4 29. Bb3 Rde8 30. bxa6 Bd5 31. Bd1 g5 32. Nf3 Bxf3 33. Rxf3 Bf4+ 34.
Kh1 Rd8 35. Be2 Rd2 36. Bf1 g4 37. Rxf4 e5 38. Rb4 Rd1 39. Kg1 gxh3 40. g3 h2+
41. Kg2 h1=Q+ 42. Kxh1 Rxf1+ 43. Kg2 Ra1 44. Kh3 f4 45. Kg4 fxg3 46. a7 g2 47.
Rxb6 g1=Q+ 48. Kh5 Qxb6 49. Kg5 Qg6+ 50. Kh4 Rh1# 0-1

[Event "Challenge"]
[Site "http://www.queenalice.com/game.php?id=750639"]
[Date "2010.3.23"]
[Round "-"]
[White "Lamech"]
[Black "Panzer85"]
[Result "0-1"]
[WhiteElo "1323"]
[BlackElo "1608"]

1. e4 e5 2. Nf3 Nc6 3. Bb5 a6 4. Bxc6 dxc6 5. Nxe5 Bd6 6. d4 Bxe5 7. dxe5 Qxd1+
8. Kxd1 Be6 9. b3 O-O-O+ 10. Ke2 Nh6 11. Re1 Ng4 12. Bg5 Rd4 13. Rd1 Rxe4+ 14.
Kf3 Bd5 15. Nc3 Rc4+ 16. Nxd5 Nxe5+ 17. Ke3 Rg4 18. Ne7+ Kb8 19. Bf4 Re8 20. Rd7
Nxd7 21. Bd6 cxd6 0-1

[Event "Challenge"]
[Site "http://www.queenalice.com/game.php?id=752826"]
[Date "2010.3.28"]
[Round "-"]
[White "Panzer85"]
[Black "Lamech"]
[Result "1-0"]
[WhiteElo "1689"]
[BlackElo "1318"]

1. e4 c5 2. Nf3 d6 3. d4 Nf6 4. Nc3 g6 5. Bc4 cxd4 6. Nxd4 Bg7 7. Bg5 O-O 8. Qd2
Nc6 9. Nf3 Bg4 10. h3 Bxf3 11. gxf3 e6 12. O-O-O d5 13. exd5 exd5 14. Nxd5 a6
15. Bh6 b5 16. Nxf6+ Qxf6 17. Bxg7 Qxg7 18. Qd5 bxc4 19. Qxc6 Rac8 20. Qxa6 c3
21. Qb6 Rb8 22. Qd4 cxb2+ 23. Kb1 f6 24. c3 g5 25. Rd2 Qg6+ 26. Qd3 Rfd8 27.
Qxg6+ hxg6 28. Rhd1 Rxd2 29. Rxd2 Kg7 30. Rxb2 Rc8 31. Kc2 Re8 32. a4 Re2+ 33.
Kb3 Re3 34. fxe3 1-0

[Event "Challenge"]
[Site "http://www.queenalice.com/game.php?id=755375"]
[Date "2010.4.2"]
[Round "-"]
[White "Lamech"]
[Black "Panzer85"]
[Result "0-1"]
[WhiteElo "1316"]
[BlackElo "1746"]

1. e4 e5 2. Nf3 Nc6 3. g3 Nf6 4. Bg2 Bc5 5. c3 h6 6. d4 exd4 7. cxd4 Bb4+ 8. Nc3
Nxe4 9. Nd2 Nxc3 10. bxc3 Bxc3 11. Rb1 Bxd4 12. Bb2 d5 13. Bxd4 Nxd4 14. Rb4
Qe7+ 0-1

[Event "Luca74"]
[Site "http://www.queenalice.com/game.php?id=757195"]
[Date "2010.4.6"]
[Round "1"]
[White "palergiuseppe"]
[Black "Lamech"]
[Result "0-1"]
[WhiteElo "1219"]
[BlackElo "1358"]

1. e4 c5 2. Nc3 Nc6 3. Nd5 e6 4. Nf4 Nf6 5. d3 d5 6. Nf3 dxe4 7. Nd2 exd3 8.
Nxd3 Bd6 9. Be2 e5 10. Nc4 e4 11. Nxc5 Bxc5 12. Qxd8+ Nxd8 13. Be3 b6 14. Bxc5
bxc5 15. Nd6+ Ke7 16. Nc4 Nc6 17. O-O Nd4 18. Rab1 Ba6 19. c3 Nxe2+ 20. Kh1 Bxc4
21. b3 Bd3 22. Ra1 Rhd8 23. h3 Nxc3 24. Rfe1 Be2 25. Rac1 Rd1 26. Rexd1 Nxd1 27.
Rxc5 Nxf2+ 28. Kg1 e3 29. Rc7+ Kf8 30. Rc3 Nd5 31. Rc2 Bd3 32. Rc1 e2 33. Kxf2
Nb4 34. a4 Nc2 35. Rxc2 Bxc2 36. Kxe2 Bxb3 37. Kf3 Bxa4 0-1

[Event "Challenge"]
[Site "http://www.queenalice.com/game.php?id=758136"]
[Date "2010.4.8"]
[Round "-"]
[White "Panzer85"]
[Black "Lamech"]
[Result "0-1"]
[WhiteElo "1724"]
[BlackElo "1314"]

1. e4 c5 2. Nf3 Nc6 3. d4 d6 4. d5 Ne5 5. Nxe5 dxe5 6. Bb5+ Bd7 7. Nc3 Bxb5 8.
Nxb5 a6 9. Qe2 Qd7 10. Nc3 Nf6 11. h3 g6 12. Bg5 b5 13. Bxf6 exf6 14. b3 b4 15.
Na4 Bh6 16. Nb6 Qb7 17. Nxa8 Qxa8 18. O-O O-O 19. a4 bxa3 20. Rxa3 Qc8 21. Rxa6
f5 22. exf5 Qxf5 23. c3 Rb8 24. Rb1 Qxb1+ 25. Kh2 Qxb3 26. Qxe5 Bg7 27. Qd6 Bf8
28. Qc7 Qb7 29. Qxb7 Rxb7 30. Ra8 Rd7 31. c4 Kg7 32. f4 Rb7 33. Ra2 h6 34. Rd2
g5 35. d6 Rd7 36. fxg5 hxg5 37. Rd5 Bxd6+ 38. g3 f6 39. Kg2 Kf7 40. Kf3 Ke6 41.
h4 Bxg3 42. Rxd7 Kxd7 43. Kxg3 gxh4+ 44. Kxh4 Ke6 45. Kg4 Ke5 46. Kf3 Kd4 47.
Kf4 Kxc4 48. Ke4 Kb3 49. Kd3 c4+ 50. Kd2 c3+ 51. Kc1 f5 52. Kd1 f4 53. Ke2 c2
54. Kf3 c1=Q 55. Kg4 Qe3 56. Kf5 f3 57. Kf6 f2 58. Kf7 f1=Q+ 59. Kg8 Qg3+ 60.
Kh8 Qh1# 0-1

[Event "Challenge"]
[Site "http://www.queenalice.com/game.php?id=761716"]
[Date "2010.4.15"]
[Round "-"]
[White "Lamech"]
[Black "Panzer85"]
[Result "1/2-1/2"]
[WhiteElo "1344"]
[BlackElo "1684"]

1. e4 e5 2. Nf3 Nc6 3. Bc4 Bc5 4. c3 Nf6 5. Qe2 d6 6. d4 exd4 7. Bd5 Bd7 8. Bxc6
Bxc6 9. cxd4 Bb4+ 10. Bd2 Bxd2+ 11. Nbxd2 O-O 12. O-O Re8 13. e5 dxe5 14. dxe5
h6 15. Nc4 b5 16. Rad1 Bd5 17. Na5 a6 18. Nc6 Qd7 19. Qc2 Re6 20. Ncd4 Bxf3 21.
Nxf3 Nd5 22. Qe4 c6 23. b4 Qc7 24. Rfe1 a5 25. a3 axb4 26. axb4 Qe7 27. g3 Ra4
28. Nd4 Nc3 29. Nxc6 Rxc6 30. Qxc6 Nxd1 31. Rxd1 Rxb4 32. Qc3 Re4 33. Re1 b4 34.
Qd2 Rxe5 35. Rxe5 Qxe5 36. Qxb4 h5 37. f4 Qe3+ 38. Kg2 1/2-1/2

[Event "Partida"]
[Site "http://www.queenalice.com/game.php?id=868712"]
[Date "2010.12.7"]
[Round "-"]
[White "Lamech"]
[Black "heinrich79"]
[Result "0-1"]
[WhiteElo "1378"]
[BlackElo "1684"]

1. Nf3 d5 2. Nc3 Nf6 3. d4 Nc6 4. Bf4 e6 5. Qd3 Bb4 6. a3 Ba5 7. b4 Bb6 8. e4
dxe4 9. Nxe4 Bxd4 10. Nxd4 Nxd4 11. Bxc7 Qd5 12. Nxf6+ gxf6 13. Qb5+ Nxb5 0-1

[Event "Let's Play Chess!"]
[Site "http://www.queenalice.com/game.php?id=944684"]
[Date "2011.5.31"]
[Round "-"]
[White "Lamech"]
[Black "spin"]
[Result "1-0"]
[WhiteElo "1372"]
[BlackElo "1619"]

1. Nf3 e6 2. b3 f6 3. Bb2 b6 4. g3 Bb7 5. Bg2 Qe7 6. O-O g5 7. d3 Qc5 8. Bd4 Qc6
9. e4 e5 10. Bb2 h5 11. Nbd2 a5 12. d4 g4 13. Nh4 Rh6 14. dxe5 f5 15. Nxf5 Rh7
16. Nd4 Qc5 17. e6 dxe6 18. Nxe6 Qd6 19. Ng5 Rd7 20. Nc4 Qc5 21. Qe2 Qxg5 22.
Nxb6 cxb6 23. f4 Qe7 24. e5 1-0

[Event "Let's Play Chess!"]
[Site "http://www.queenalice.com/game.php?id=944685"]
[Date "2011.5.31"]
[Round "-"]
[White "spin"]
[Black "Lamech"]
[Result "0-1"]
[WhiteElo "1593"]
[BlackElo "1398"]

1. e3 e5 2. Qh5 Nf6 3. Qxe5+ Qe7 4. Qxc7 Na6 5. g3 Nxc7 6. Bg2 Ne4 7. d3 Qb4+ 8.
c3 Nxc3 9. Nxc3 Qa5 10. a3 Bxa3 11. Rxa3 Qb4 12. e4 Nb5 13. Ra4 Qb3 14. Nxb5
Qxb5 15. Rc4 O-O 16. Ne2 d6 17. Nd4 Qa5+ 18. b4 Qd8 19. Nb5 Be6 20. Rc3 d5 21.
e5 Rc8 22. O-O Rxc3 23. Nxc3 d4 0-1

[Event "leking"]
[Site "http://www.queenalice.com/game.php?id=958799"]
[Date "2011.7.11"]
[Round "-"]
[White "leking"]
[Black "Lamech"]
[Result "0-1"]
[WhiteElo "1602"]
[BlackElo "1422"]

1. e4 c5 2. Nf3 Nc6 3. d4 d6 4. Bb5 Bd7 5. Nc3 g6 6. O-O a6 7. Bc4 b5 8. Be2 Nf6
9. d5 Nd4 10. Re1 Nxe2+ 11. Rxe2 Bg4 12. Re3 Bh6 13. Re2 Bxc1 14. Rxc1 b4 15.
Na4 Bxf3 16. gxf3 O-O 17. b3 Rc8 18. Nb2 h5 19. Nc4 e6 20. dxe6 fxe6 21. Kh1 Rc7
22. Nxd6 Rd7 23. e5 Nd5 24. Qd3 Nc3 25. Qxg6+ Rg7 26. Qxh5 Nxe2 27. Re1 Nf4 28.
Qh6 Rg6 29. Rg1 Rxg1+ 30. Kxg1 Qe7 31. Ne4 Qg7+ 32. Qg5 Qxg5+ 0-1

[Event "Let's Play Chess!"]
[Site "http://www.queenalice.com/game.php?id=1022541"]
[Date "2012.2.1"]
[Round "-"]
[White "Lamech"]
[Black "rumplestiltskin"]
[Result "0-1"]
[WhiteElo "1445"]
[BlackElo "1595"]

1. Nf3 d6 2. b3 e5 3. Bb2 Nc6 4. e4 Nf6 5. d3 Be7 6. g3 d5 7. exd5 Nxd5 8. Nxe5
Nxe5 9. Bxe5 O-O 10. c4 Bb4+ 11. Bc3 Re8+ 12. Be2 Bxc3+ 13. Nxc3 Nxc3 14. Qc2
Rxe2+ 0-1

[Event "Let's Play Chess!"]
[Site "http://www.queenalice.com/game.php?id=1137268"]
[Date "2013.1.4"]
[Round "-"]
[White "Ruusgugg"]
[Black "Lamech"]
[Result "0-1"]
[WhiteElo "1319"]
[BlackElo "1431"]

1. Nf3 c5 2. d4 d6 3. Qd3 g6 4. g3 Bg7 5. b3 Nf6 6. Qc4 Ne4 7. h4 Bd7 8. Ng5
Nxg5 9. hxg5 b5 10. Bg2 bxc4 11. Bxa8 Bc6 12. Bxc6+ Nxc6 13. d5 Bxa1 14. c3 cxb3
15. axb3 Na5 16. Rh4 Nxb3 17. Be3 Qa5 18. f3 Bxc3+ 19. Nxc3 Qxc3+ 20. Kf2 Nd4
21. f4 Nc2 22. Bc1 Qe1+ 23. Kf3 Qf1+ 24. Kg4 h5+ 25. Rxh5 gxh5+ 26. Kf5 Nd4+ 27.
Ke4 f5+ 28. Kd3 Qxe2+ 29. Kc3 Qc2# 0-1

[Event "Challenge"]
[Site "http://www.queenalice.com/game.php?id=1147068"]
[Date "2013.1.30"]
[Round "-"]
[White "Ruusgugg"]
[Black "Lamech"]
[Result "0-1"]
[WhiteElo "1227"]
[BlackElo "1443"]

1. e4 c5 2. Qh5 d6 3. a4 g6 4. Qg5 Bg7 5. Ra3 Nc6 6. Rf3 Ne5 7. Re3 Bh6 8. Qg3
Bxe3 9. Qxe3 Nf6 10. b3 O-O 11. Nc3 Bd7 12. Be2 a6 13. Ba3 Nfg4 14. Qf4 Qa5 15.
f3 Nf6 16. h4 b5 17. Nd5 Rfe8 18. Nxf6+ exf6 19. Qxf6 Re6 20. Qg5 f6 21. Qe3 c4
22. Qd4 bxa4 23. Bxd6 axb3 24. cxb3 cxb3 25. f4 Nc6 26. Qd3 Qa1+ 27. Bd1 b2 28.
Ke2 b1=Q 29. Bc2 Qe1+ 30. Kf3 Nb4 31. Qc4 Nxc2 32. Qc7 Nd4+ 33. Kg4 Re7+ 34. f5
Rxe4+ 35. Kh3 Rxh4# 0-1

[Event "Di prepo"]
[Site "http://www.queenalice.com/game.php?id=1148165"]
[Date "2013.2.2"]
[Round "-"]
[White "GiulioTorino"]
[Black "Lamech"]
[Result "1-0"]
[WhiteElo "1758"]
[BlackElo "1450"]

1. e4 c5 2. d4 d6 3. dxc5 dxc5 4. Qxd8+ Kxd8 5. Nf3 Bg4 6. Ne5 Bh5 7. Bc4 e6 8.
Nc3 Bd6 9. Bf4 f6 10. Nf7+ Bxf7 11. Bxd6 b6 12. O-O-O Nd7 13. Bf8 Ne7 14. Bxg7
Rg8 15. Bxf6 Bh5 16. Rd6 Ke8 17. Bb5 Rd8 18. f3 a6 19. Bxa6 Nxf6 20. Bb5+ Nd7
21. Rhd1 Nd5 22. exd5 e5 23. g4 Bxg4 24. fxg4 Rxg4 25. Re1 Ke7 26. Re6+ Kf7 27.
Rf1+ Rf4 28. Rxf4+ exf4 29. Bxd7 Rxd7 30. Ne4 Rxd5 31. Rf6+ Ke7 32. Rxf4 Rd4 33.
c3 1-0

[Event "Di preci"]
[Site "http://www.queenalice.com/game.php?id=1148166"]
[Date "2013.2.2"]
[Round "-"]
[White "Lamech"]
[Black "GiulioTorino"]
[Result "1-0"]
[WhiteElo "1446"]
[BlackElo "1781"]

1. Nf3 c5 2. b3 f6 3. Bb2 Qc7 4. e4 Nc6 5. Bb5 Nh6 6. O-O Ng4 7. h3 h5 8. d4
cxd4 9. Bxd4 Nxd4 10. Qxd4 Ne5 11. Nxe5 fxe5 12. Qd3 a6 13. Bc4 e6 14. a4 Qc5
15. Nc3 g5 16. Qd2 Bh6 17. Qe2 Bg7 18. Rfe1 b6 19. Qe3 Bf8 20. Qxc5 Bxc5 21.
Rab1 Rf8 22. Nd1 Bb7 23. b4 Be7 24. a5 b5 25. Be2 Bxe4 26. Bxh5+ Kd8 27. Rxe4 d6
28. Nc3 Bf6 29. Rd1 d5 30. Re2 e4 31. Bg4 Bxc3 32. Bxe6 Bxb4 33. Bxd5 Ra7 34.
Bxe4+ Kc7 35. Bf3 Bxa5 36. Re7+ Kb8 37. Rdd7 Bb6 38. Rxa7 Bxa7 39. Rb7+ 1-0